Statistics for Carly Rae Jepsen Discography

Click here to take the quiz!

General Stats

  • This quiz has been taken 29 times
  • The average score is 27 of 63

Answer Stats

HintAnswer% Correct
KissCall Me Maybe
90%
EmotionRun Away With Me
86%
EmotionEmotion
86%
EmotionI Really Like You
76%
DedicatedJulien
71%
DedicatedWant You In My Room
67%
EmotionBoy Problems
67%
EmotionAll That
67%
KissGood Time
67%
EmotionMaking The Most Of The Night
62%
EmotionStore
62%
EmotionI Didn't Just Come Here To Dance
62%
EmotionWarm Blood
62%
DedicatedNo Drug Like Me
57%
EmotionHigher
57%
EmotionLA Hallucinations
57%
DedicatedParty For One
57%
KissThis Kiss
57%
KissCuriosity
57%
EmotionRoses
52%
EmotionCry
52%
EmotionBlack Heart
52%
EmotionGimmie Love
52%
Tug Of WarBucket
48%
EmotionYour Type
48%
DedicatedThe Sound
48%
DedicatedNow That I Found You
48%
EmotionThe One
48%
EmotionFavourite Colour
48%
EmotionWhen I Needed You
48%
EmotionLet's Get Lost
48%
EmotionFirst Time
48%
KissSweetie
48%
Tug Of WarTug Of War
43%
DedicatedToo Much
43%
KissDrive
43%
EmotionFever
38%
KissTonight I'm Getting Over You
38%
DedicatedEverything He Needs
38%
KissTiny Little Bows
38%
EmotionBody Language
38%
KissYour Heart Is A Muscle
38%
KissBeautiful
33%
DedicatedFor Sure
33%
KissGuitar String / Wedding Ring
33%
DedicatedReal Love
29%
KissTurn Me Up
29%
DedicatedFeels Right
29%
Tug Of WarSour Candy
29%
KissWrong Feels So Right
24%
DedicatedHappy Not Knowing
24%
DedicatedRight Words Wrong Time
24%
Tug Of WarHotel Shampoos
19%
KissMore Than A Memory
19%
KissHurt So Good
19%
DedicatedI'll Be Your Girl
14%
DedicatedAutomatically In Love
14%
Tug Of WarMoney and The Ego
10%
Tug Of WarTell Me
10%
Tug Of WarHeavy Lifting
10%
Tug Of WarWorldly Matters
5%
Tug Of WarSunshine On My Shoulder
5%
Tug Of WarSweet Talker
5%

Score Distribution

Percentile by Number Answered

Percent of People with Each Score

Your Score History

You have not taken this quiz